Statistics for General NBA Trivia #3

Click here to take the quiz!

General Stats

  • This quiz has been taken 19 times
  • The average score is 8 of 20

Answer Stats

HintAnswer% Correct
He won NBA Finals MVP in 1994 and 1995Hakeem Olajuwon
95%
He won the NBA Finals MVP in 1980 as a rookieMagic Johnson
79%
He won the 1993 MVP averaging 25.6 points and 12.2 rebounds for the Phoenix SunsCharles Barkley
68%
The mascot for this team is a bird named PierreNew Orleans Pelicans
63%
He was the 2nd-leading scorer on the 2009 and 2010 NBA Champions' Finals teamsPau Gasol
63%
This center who admitted he set "illegal picks all the time" while playing for the championship Warriors was drafted #1 overall in 2005Andrew Bogut
58%
This Lithuanian center was drafted #5 overall in 2011 by the Toronto RaptorsJonas Valanciunas
58%
This franchise moved its home arena 14 miles to the east and across state lines in 2012Brooklyn Nets
53%
This 6'7 PG who suffered a devastating knee injury in 2007 made a career comeback culminating in winning 3 championships with the WarriorsShaun Livingston
53%
This former Knicks SG performed the highlight known as "The Dunk" against the Chicago Bulls in the 1993 Eastern Conference FinalsJohn Starks
42%
This is the oldest franchise to have never played in the NBA FinalsLos Angeles Clippers
42%
He holds the record for longest shot ever made in an NBA game with an 89-foot full-court heave in 2001Baron Davis
37%
He infamously bricked 4 free throws in a row in Game 1 of the 1995 NBA FinalsNick Anderson
32%
The G-League affiliate for this team is the Delaware Blue CoatsPhiladelphia 76ers
32%
He performed an iconic chasedown block on Reggie Miller in Game 2 of the 2004 Eastern Conference FinalsTayshaun Prince
26%
Despite being in the same draft as Stephen Curry, James Harden, and Blake Griffin, this SG won ROTY in 2009-2010Tyreke Evans
26%
This shot-blocking phenom was selected #2 overall in the 1996 NBA Draft behind Allen IversonMarcus Camby
5%
This PF from Providence College averaged 15 PPG, shooting 40% from 3PT in the 2000 Finals playing for the PacersAustin Croshere
0%
This former HS phenom from East St. Louis starred in the 2004 film "The Perfect Score"Darius Miles
0%
This PF from Picayune Memorial High School whose career was cut short by injuries was drafted #5 overall in 1999Jonathan Bender
0%

Score Distribution

Percentile by Number Answered

Percent of People with Each Score

Your Score History

You have not taken this quiz